000 00344 a2200157 4500
001 190054
020 _a978-85-7673-142-9
040 _cMagnum
100 _aBelinky, Tatiana
240 1 0 _aUm zoológico de papel
_lpor
245 1 0 _aUm zoológico de papel
300 _a23
362 0 _a2008
697 _aLITERATURA INFANTIL
942 _cBK
999 _c190054
_d190054